| 000 | 01026nab a22002297i 4500 | ||
|---|---|---|---|
| 001 | 768714001 | ||
| 003 | CO-MdFUSB | ||
| 005 | 20240514102947.0 | ||
| 008 | 240511t1970 sp ||||| |||| 00| 0 spa d | ||
| 040 |
_bspa _cCO-MdFUSB _dCO-MdFUSB |
||
| 041 | _aspa | ||
| 100 |
_aGnilka, Joachim, _eautor |
||
| 245 | 3 |
_aLa resurrección corporal en la exégesis moderna _c/ Joachim Gnilka |
|
| 520 | _aAnálisis de la resurrección del cuerpo en la discusión exegética moderna y se aclaran ciertos conceptos. Cabe señalr que, la exégesis neotestamentaria es, por razón de su mismo objeto, una disciplina teológica ecuménica. | ||
| 650 | 0 |
_aBiblia _916 |
|
| 650 | 0 |
_aInmortalidad (Filosofía) _91095 |
|
| 650 | 0 |
_a Ecumenismo _xHistoria _91146 |
|
| 650 | 7 |
_aResurrección _9214 |
|
| 773 | 0 |
_049450 _982623 _oR2549 _tRevista internacional de teología Concilium _w(CO-MdFUSB)8 _x0210-1041 _gNúmero 60, (diciembre, 1970), páginas: 126 - 135 _qpágina: 126 |
|
| 942 | _cANA | ||
| 945 | _aCatherine Arias Alvarez - Practicante SENA | ||
| 999 |
_c69700 _d69700 |
||